000 00458nam a2200157Ia 4500
003 GCL
008 140319s9999 xx 000 0 eng d
040 _aGCL /
_cGCL
082 0 4 _a700.972
_bF G
100 1 _aFERNANDEZ, JUTSTINO
245 1 0 _aA GUIDE TO MEXICAN ART: FROM ITS BEGINNING TO THE PRESENT /
_cFERNANDEZ, JUTSTINO
260 _a[S.N] :
_bUNIVERSITY OF CALIFORNIA PRESS ،
_c1969
300 _a398 P P
650 0 4 _aART MEXICAN
942 _2ddc
_cBK
999 _c17624
_d17624